000 00706nam a22002417a 4500
003 UA-OsUOA
001 44822
007 ta
008 20110228b un ||||| |||| 00| 0 ukr d
100 _aМаркусь Д.
090 _a94(477).154
_bМ27
942 _cBK
040 _aUA-OsUOA
_bukr
_cUA-OsUOA
_dUA-OsUOA
245 _aУкраїнськими слідами по Римі й Італії
300 _a79 с.
955 _a4
041 _aukr
080 _a94(477).154
260 _c1988
650 7 _a9 Географія. Біографії. Історія
_2UDC
999 _c424925
_d424925